[Event "49th Capablanca Premier 2014"]
[Site "Havana CUB"]
[Date "2014.05.12"]
[Round "5.4"]
[White "Quesada Perez, Yasser"]
[Black "Bacallao Alonso, Yusnel"]
[Result "1/2-1/2"]
[WhiteTitle "FM"]
[BlackTitle "GM"]
[WhiteElo "2493"]
[BlackElo "2522"]
[WhiteFideId "3509362"]
[BlackFideId "3507416"]
[EventDate "2014.05.08"]

1. e4 e5 2. Nf3 Nc6 3. d4 exd4 4. Nxd4 Bb4+ 5. c3 Bc5 6. Be3 Bb6 7. Nf5 g6 8.
Bxb6 axb6 9. Ne3 Nf6 10. f3 Qe7 11. c4 Qb4+ 12. Qd2 Qxd2+ 13. Kxd2 Kd8 14. Nc3
d6 15. Rd1 Re8 16. a3 Ne5 17. Kc2 Nh5 18. Ncd5 Be6 19. Be2 Nd7 20. Rhe1 Bxd5 21.
Nxd5 c6 22. Nc3 Kc7 23. g3 Ng7 24. Rd2 f5 25. Bf1 Ne5 26. Rf2 Ne6 27. exf5 Nd4+
28. Kb1 gxf5 29. Re3 1/2-1/2

[Event "49th Capablanca Premier 2014"]
[Site "Havana CUB"]
[Date "2014.05.12"]
[Round "5.5"]
[White "Dvirnyy, Danyyil"]
[Black "Gonzalez Vidal, Yuri"]
[Result "1/2-1/2"]
[WhiteTitle "GM"]
[BlackTitle "GM"]
[WhiteElo "2560"]
[BlackElo "2561"]
[WhiteFideId "817570"]
[BlackFideId "3503321"]
[EventDate "2014.05.08"]

1. c4 c5 2. g3 g6 3. Bg2 Bg7 4. Nc3 Nc6 5. a3 d6 6. Rb1 e6 7. Nf3 Nge7 8. d3 O-O
9. Bd2 b6 10. Qc1 Bb7 11. O-O Qd7 12. Bh6 Nf5 13. Bxg7 Kxg7 14. e3 Ne5 15. Nxe5
dxe5 16. Bxb7 Qxb7 17. b4 Rad8 18. Rd1 cxb4 19. axb4 h5 20. Ne4 h4 21. Qc3 hxg3
22. hxg3 f6 23. c5 g5 24. c6 Qc7 25. b5 Kg6 26. Kg2 Ne7 27. Qc4 Nd5 28. Rh1 Rh8
29. Nd2 Qd6 30. Ra1 Rxh1 31. Rxh1 f5 32. Nf3 g4 33. Nh4+ Kg7 34. e4 Ne7 35. exf5
exf5 36. Ra1 Ra8 37. c7 Rc8 38. Rxa7 Kf6 39. Rb7 Nd5 40. Qc1 f4 41. Qc4 Rxc7 42.
Rxc7 Nxc7 43. Kh2 Qd4 44. Qxd4 exd4 45. gxf4 Nxb5 46. Kg3 Na3 47. Kxg4 b5 48.
Nf3 Nc2 49. f5 Nb4 50. Nxd4 Nxd3 51. Nxb5 Nxf2+ 52. Kf3 Kxf5 1/2-1/2

[Event "49th Capablanca Premier 2014"]
[Site "Havana CUB"]
[Date "2014.05.14"]
[Round "6.1"]
[White "Cordova, Emilio"]
[Black "Gonzalez Vidal, Yuri"]
[Result "1-0"]
[WhiteTitle "GM"]
[BlackTitle "GM"]
[WhiteElo "2616"]
[BlackElo "2561"]
[WhiteFideId "3801497"]
[BlackFideId "3503321"]
[EventDate "2014.05.08"]
[EventType "tourn"]

1. Nf3 Nf6 2. c4 e6 3. g3 d5 4. Bg2 Be7 5. O-O O-O 6. b3 b6 7. Bb2 Bb7 8. e3
Nbd7 9. Nc3 Ne4 10. Ne2 Bf6 11. d4 dxc4 12. bxc4 c5 13. Nf4 Rc8 14. Rc1 cxd4 15.
exd4 Rc7 16. Qe2 Qa8 17. h4 Rfc8 18. Ba3 g6 19. Rfe1 Bg7 20. d5 Nc3 21. Rxc3
Bxc3 22. dxe6 Nc5 23. Bxc5 bxc5 24. exf7+ Rxf7 25. Ng5 Bxe1 26. Nxf7 Bxg2 27.
Nh6+ Kg7 28. Ne6+ Kf6 29. Ng4+ Ke7 30. Ng5+ Kd8 31. Qxe1 Bc6 32. Qe5 Rb8 33.
Ne6+ Ke7 34. Nd4+ Kd8 35. Ne6+ Ke7 36. Nd4+ Kd7 37. Nf6+ Kc8 38. Qe6+ Kc7 39.
Qe7+ Kc8 40. Qf8+ Kb7 41. Qxc5 Rc8 42. Qb4+ Ka6 43. Nb3 1-0

[Event "49th Capablanca Premier 2014"]
[Site "Havana CUB"]
[Date "2014.05.14"]
[Round "6.3"]
[White "Quesada Perez, Yuniesky"]
[Black "Quesada Perez, Yasser"]
[Result "1/2-1/2"]
[WhiteTitle "GM"]
[BlackTitle "FM"]
[WhiteElo "2642"]
[BlackElo "2493"]
[WhiteFideId "3504409"]
[BlackFideId "3509362"]
[EventDate "2014.05.08"]
[EventType "tourn"]

1. e4 e6 2. d4 d5 3. Nc3 dxe4 4. Nxe4 Bd7 5. Nf3 Bc6 6. Bd3 Nd7 7. O-O Be7 8.
Re1 Ngf6 9. Ng3 Bxf3 10. Qxf3 c6 11. c3 O-O 12. Bf4 Re8 13. Rad1 1/2-1/2

[Event "49th Capablanca Premier 2014"]
[Site "Havana CUB"]
[Date "2014.05.14"]
[Round "6.4"]
[White "Sambuev, Bator"]
[Black "Ortiz Suarez, Isan Reynaldo"]
[Result "0-1"]
[WhiteTitle "GM"]
[BlackTitle "GM"]
[WhiteElo "2562"]
[BlackElo "2588"]
[WhiteFideId "4128290"]
[BlackFideId "3507165"]
[EventDate "2014.05.08"]
[EventType "tourn"]

1. d4 f5 2. c3 d6 3. Nf3 g6 4. Qb3 Nf6 5. Bg5 Bg7 6. Nbd2 Nbd7 7. h4 h6 8. Bxf6
Nxf6 9. e3 e6 10. Bd3 O-O 11. e4 Kh8 12. Qc2 Ng4 13. Nf1 Rb8 14. Ne3 b5 15. exf5
Nxe3 16. fxe3 exf5 17. e4 c5 18. exf5 gxf5 19. Qd2 b4 20. h5 bxc3 21. bxc3 Qa5
22. Rd1 Bd7 23. Nh4 Rfe8+ 24. Kf1 cxd4 25. Ng6+ Kh7 26. cxd4 Qxd2 27. Rxd2 Bxd4
28. Rh4 Be3 29. Re2 Kg7 30. Rc4 Kf6 31. Rc7 Bb5 32. Bxb5 Rxb5 33. g3 Re4 34. Kg2
Bb6 35. Rcc2 Kg5 36. Red2 Bc5 37. Nh4 Bb4 38. Rf2 f4 39. Rc7 Kxh5 40. Rg7 Rg5
41. Rxg5+ hxg5 42. Nf5 Be1 43. Kf3 Ra4 44. g4+ Kg6 45. Re2 Bb4 46. Ne7+ Kf7 47.
Nd5 Kf8 48. Rh2 Bc5 49. Rh5 Ra3+ 50. Ke4 f3 51. Rxg5 f2 52. Rf5+ Kg7 53. Rg5+
Kf7 54. Rf5+ Ke8 55. Nf6+ Kd8 56. Kd5 Rd3+ 57. Kc6 Rd1 0-1

[Event "49th Capablanca Premier 2014"]
[Site "Havana CUB"]
[Date "2014.05.14"]
[Round "6.5"]
[White "Bogner, Sebastian"]
[Black "Hevia Alejano, Carlos Antonio"]
[Result "1-0"]
[WhiteTitle "GM"]
[BlackTitle "IM"]
[WhiteElo "2593"]
[BlackElo "2530"]
[WhiteFideId "4692055"]
[BlackFideId "3508811"]
[EventDate "2014.05.08"]
[EventType "tourn"]

1. d4 Nf6 2. c4 e6 3. Nf3 b6 4. a3 Bb7 5. Nc3 d5 6. Bg5 Be7 7. e3 O-O 8. Qc2
Nbd7 9. cxd5 exd5 10. Bd3 Ne4 11. h4 Re8 12. Bf4 c5 13. Rd1 Bf6 14. Kf1 Rc8 15.
Ng5 cxd4 16. exd4 Nf8 17. f3 Bxd4 18. fxe4 Qf6 19. g3 Bxc3 20. bxc3 dxe4 21.
Bxe4 Rxc3 22. Qg2 Rxe4 23. Nxe4 Qe7 24. Re1 Ne6 25. Qd2 Rc4 26. Nd6 Rxf4+ 27.
gxf4 Bxh1 28. f5 Qxh4 29. fxe6 fxe6 30. Qf2 Qh3+ 31. Kg1 Bf3 32. Qh2 Qg4+ 33.
Kf2 Bd5 34. Re3 Qd4 35. Qe5 Qd2+ 36. Re2 Qc1 37. Qxd5 Qf4+ 38. Qf3 Qxd6 39. Qa8+
Kf7 40. Qxa7+ Kf6 41. Qa4 g5 42. Qg4 Qh2+ 43. Qg2 Qd6 44. Qf3+ Ke7 45. Kg2 1-0

[Event "49th Capablanca Premier 2014"]
[Site "Havana CUB"]
[Date "2014.05.15"]
[Round "7.1"]
[White "Hevia Alejano, Carlos Antonio"]
[Black "Cordova, Emilio"]
[Result "0-1"]
[WhiteTitle "IM"]
[BlackTitle "GM"]
[WhiteElo "2530"]
[BlackElo "2616"]
[WhiteFideId "3508811"]
[BlackFideId "3801497"]
[EventDate "2014.05.08"]
[EventType "tourn"]

1. e4 e6 2. d4 d5 3. Nc3 dxe4 4. Nxe4 Nf6 5. Bd3 Be7 6. Nf3 Nbd7 7. Nxf6+ gxf6
8. Qe2 c5 9. Bh6 Qa5+ 10. c3 cxd4 11. Nxd4 a6 12. O-O-O Ne5 13. Bc2 Bd7 14. f4
Nc6 15. Nxc6 Bxc6 16. Be4 Rc8 17. Kb1 Bxe4+ 18. Qxe4 Qf5 19. Qxf5 exf5 20. g4
fxg4 21. Rhg1 Rd8 22. f5 Rg8 23. Kc2 Rxd1 24. Rxd1 g3 25. hxg3 Rxg3 26. b4 Rh3
27. Bf4 Rf3 28. Rd4 b5 29. c4 bxc4 30. Rxc4 h5 31. a4 Rf2+ 32. Kc3 Rf3+ 33. Kc2
Rf2+ 34. Kc3 Bd8 35. b5 Ba5+ 36. Kb3 Rf3+ 37. Kc2 axb5 38. axb5 Kd7 39. Kd1 Rd3+
40. Ke2 Rd5 41. Ke3 Rxf5 42. Rd4+ Ke7 43. Re4+ Kf8 44. Bh6+ Kg8 45. Rf4 Rxb5 46.
Rxf6 Bc3 47. Rc6 Bb2 48. Bf4 Kg7 49. Ke4 Bf6 50. Kf3 Kg6 51. Bd6 Rb3+ 52. Kg2
Re3 53. Bf4 Re6 54. Rc5 Bh4 55. Kh3 Be7 56. Rb5 Rc6 57. Rb2 Rc3+ 58. Kg2 Bh4 59.
Rb5 f6 60. Ra5 Rd3 61. Rb5 Bg5 62. Bc7 h4 63. Rc5 Be3 64. Rb5 f5 65. Rb4 Kg5 66.
Rb8 Kg4 67. Rg8+ Bg5 68. Be5 Rd2+ 69. Kh1 Rd8 70. Rg7 Rf8 71. Kg2 f4 72. Bd4 Rf5
73. Kh2 Kf3 74. Rg8 Rd5 75. Bb6 Be7 76. Kh3 Rd1 77. Kh2 Bb4 78. Ra8 Be1 79. Ra3+
Kg4 0-1

[Event "49th Capablanca Premier 2014"]
[Site "Havana CUB"]
[Date "2014.05.15"]
[Round "7.2"]
[White "Ortiz Suarez, Isan Reynaldo"]
[Black "Bogner, Sebastian"]
[Result "1/2-1/2"]
[WhiteTitle "GM"]
[BlackTitle "GM"]
[WhiteElo "2588"]
[BlackElo "2593"]
[WhiteFideId "3507165"]
[BlackFideId "4692055"]
[EventDate "2014.05.08"]
[EventType "tourn"]

1. e4 c5 2. Nf3 Nf6 3. Nc3 Nc6 4. Bb5 g6 5. e5 Ng4 6. Bxc6 dxc6 7. h3 Nh6 8. d3
Nf5 9. Ne4 b6 10. Bg5 Bg7 11. Qd2 h6 12. Bf4 Nd4 1/2-1/2

[Event "49th Capablanca Premier 2014"]
[Site "Havana CUB"]
[Date "2014.05.15"]
[Round "7.3"]
[White "Quesada Perez, Yasser"]
[Black "Sambuev, Bator"]
[Result "1-0"]
[WhiteTitle "FM"]
[BlackTitle "GM"]
[WhiteElo "2493"]
[BlackElo "2562"]
[WhiteFideId "3509362"]
[BlackFideId "4128290"]
[EventDate "2014.05.08"]
[EventType "tourn"]

1. e4 e6 2. d4 d5 3. Nd2 c5 4. Ngf3 Nf6 5. exd5 exd5 6. Bb5+ Bd7 7. Bxd7+ Nbxd7
8. O-O Be7 9. dxc5 Nxc5 10. Re1 O-O 11. Nf1 Re8 12. Be3 a5 13. c3 a4 14. a3 Qa5
15. Qc2 Rad8 16. Rad1 Nfe4 17. Ng3 Nxg3 18. hxg3 g6 19. Bd4 Ne6 20. Be5 Qa6 21.
Nd4 Bc5 22. Nf3 Be7 23. Qd2 Ng7 24. g4 f6 25. Bd4 g5 26. g3 Qc6 27. Kg2 Bf8 28.
Rxe8 Nxe8 29. Qd3 Rd7 30. Be3 Qe6 31. Qb5 Qxg4 32. Rxd5 Nd6 33. Qd3 Qe6 34. Bc5
h5 35. c4 h4 36. Nd4 h3+ 37. Kh2 Qe1 38. Nb5 b6 39. Be3 g4 40. Nxd6 Bh6 41. Qg6+
Rg7 42. Qe8+ Kh7 1-0

[Event "49th Capablanca Premier 2014"]
[Site "Havana CUB"]
[Date "2014.05.15"]
[Round "7.4"]
[White "Dvirnyy, Danyyil"]
[Black "Quesada Perez, Yuniesky"]
[Result "0-1"]
[WhiteTitle "GM"]
[BlackTitle "GM"]
[WhiteElo "2560"]
[BlackElo "2642"]
[WhiteFideId "817570"]
[BlackFideId "3504409"]
[EventDate "2014.05.08"]
[EventType "tourn"]

1. c4 e5 2. g3 Nf6 3. Bg2 Nc6 4. Nc3 Bb4 5. Nd5 Bc5 6. Nf3 d6 7. O-O a6 8. e3
Ba7 9. d4 O-O 10. h3 exd4 11. Nxd4 Nxd4 12. exd4 Nxd5 13. cxd5 Qf6 14. Be3 Bb6
15. Qd2 Re8 16. Rad1 Bf5 17. g4 Be4 18. Bxe4 Rxe4 19. f3 Ree8 20. Kg2 Qe7 21.
Rfe1 Qd7 22. Qb4 Qb5 23. Qxb5 axb5 24. a3 Ra4 25. Rd3 b4 26. Bd2 Rxe1 27. Bxe1
bxa3 28. Rxa3 Rxa3 29. bxa3 Bxd4 30. a4 Kf8 31. Kf1 c6 32. Ke2 cxd5 33. Kd3 Bc5
34. Bd2 Ke7 35. Bf4 Ba3 36. Bd2 Bb2 37. Kc2 Ba1 38. Kd3 Kd7 39. Bb4 Kc6 40. Ba3
g6 41. Bb4 Bb2 42. Kc2 Be5 43. Kd3 Ba1 44. Ba3 d4 45. Kc4 d5+ 46. Kd3 Kb6 47.
Bb4 Bc3 0-1

[Event "49th Capablanca Premier 2014"]
[Site "Havana CUB"]
[Date "2014.05.15"]
[Round "7.5"]
[White "Gonzalez Vidal, Yuri"]
[Black "Bacallao Alonso, Yusnel"]
[Result "1/2-1/2"]
[WhiteTitle "GM"]
[BlackTitle "GM"]
[WhiteElo "2561"]
[BlackElo "2522"]
[WhiteFideId "3503321"]
[BlackFideId "3507416"]
[EventDate "2014.05.08"]
[EventType "tourn"]

1. d4 Nf6 2. Nf3 e6 3. c4 b6 4. a3 Ba6 5. Qc2 c5 6. d5 exd5 7. cxd5 g6 8. Bf4 d6
9. Nc3 Bg7 10. Qa4+ b5 11. Nxb5 O-O 12. Rd1 Qb6 13. e3 Nh5 14. Bg3 Nd7 15. Bxd6
Rfc8 16. Bc7 Bxb5 17. Bxb5 Rxc7 18. Bxd7 Bxb2 19. O-O c4 20. Bc6 Rd8 21. Qxc4
Bxa3 22. Nd4 Bf8 23. Rb1 Qc5 24. Qa4 Nf6 25. Nb5 Re7 26. Rfc1 Qb6 27. d6 Re5 28.
Nxa7 Qa5 29. d7 Qd2 30. Rd1 Qc3 31. Rbc1 Qb2 32. Rb1 Qc3 33. Bb5 Rc5 34. Nc8 Qe5
35. Bc6 Qc7 36. Na7 Ra5 37. Nb5 Qxh2+ 38. Kxh2 Rxa4 39. f3 Be7 40. Rbc1 Rb4 41.
Nd6 Bxd6+ 42. Rxd6 Kg7 43. e4 Rb6 44. Rcd1 Nh5 45. Ba4 Rxd6 46. Rxd6 Kf8 47. e5
Ke7 48. Rb6 Nf4 49. Kg3 Ne6 50. Kg4 h6 51. f4 Ra8 52. Rb4 Ra7 53. f5 h5+ 54. Kh4
gxf5 55. Kxh5 Nc5 56. Bc6 Nxd7 57. Bxd7 Rxd7 58. Kg5 Rd2 59. Kxf5 Rf2+ 60. Ke4
Rxg2 61. Rb7+ Ke8 62. Rb8+ Ke7 63. Rb7+ 1/2-1/2

[Event "49th Capablanca Premier 2014"]
[Site "Havana CUB"]
[Date "2014.05.16"]
[Round "8.1"]
[White "Cordova, Emilio"]
[Black "Bacallao Alonso, Yusnel"]
[Result "1/2-1/2"]
[WhiteTitle "GM"]
[BlackTitle "GM"]
[WhiteElo "2616"]
[BlackElo "2522"]
[WhiteFideId "3801497"]
[BlackFideId "3507416"]
[EventDate "2014.05.08"]

1. d4 d5 2. c4 c6 3. Nf3 Nf6 4. Nc3 dxc4 5. a4 Bf5 6. Nh4 Bg4 7. h3 Bh5 8. g4
Bg6 9. e3 e6 10. Bxc4 Bb4 11. Kf1 Nbd7 12. Nxg6 hxg6 1/2-1/2

[Event "49th Capablanca Premier 2014"]
[Site "Havana CUB"]
[Date "2014.05.16"]
[Round "8.2"]
[White "Quesada Perez, Yuniesky"]
[Black "Gonzalez Vidal, Yuri"]
[Result "1/2-1/2"]
[WhiteTitle "GM"]
[BlackTitle "GM"]
[WhiteElo "2642"]
[BlackElo "2561"]
[WhiteFideId "3504409"]
[BlackFideId "3503321"]
[EventDate "2014.05.08"]

1. e4 e5 2. Nf3 Nc6 3. Bb5 a6 4. Ba4 Nf6 5. O-O Be7 6. d3 b5 7. Bb3 d6 8. a3 O-O
9. Nc3 Bg4 10. Be3 Nd4 11. Bxd4 exd4 12. Nd5 Nd7 13. h3 Bxf3 14. Qxf3 c6 15. Nf4
Qb8 16. Ba2 Nc5 17. g3 a5 18. h4 a4 19. Qd1 b4 20. Bc4 Bf6 21. b3 bxa3 22. bxa4
Nxa4 1/2-1/2

[Event "49th Capablanca Premier 2014"]
[Site "Havana CUB"]
[Date "2014.05.16"]
[Round "8.3"]
[White "Sambuev, Bator"]
[Black "Dvirnyy, Danyyil"]
[Result "1/2-1/2"]
[WhiteTitle "GM"]
[BlackTitle "GM"]
[WhiteElo "2562"]
[BlackElo "2560"]
[WhiteFideId "4128290"]
[BlackFideId "817570"]
[EventDate "2014.05.08"]

1. d4 e6 2. Nf3 f5 3. h3 Nf6 4. g4 Be7 5. gxf5 exf5 6. Rg1 O-O 7. Bh6 Ne8 8. e3
Kh8 9. Bf4 Nf6 10. Bd3 d6 11. Nc3 Nc6 12. a3 Be6 13. Ng5 Qd7 14. Qf3 Bg8 15.
O-O-O d5 16. Qg2 Bd6 17. Ne2 Nh5 18. Bxd6 Qxd6 19. Nxh7 Bxh7 20. Nf4 Nxd4 21.
Nxh5 Ne6 22. Nf4 Rf7 23. Nxd5 c6 24. Nc3 Qe5 25. Bc4 Re7 26. Bxe6 Qxe6 27. Qg5
f4 28. Qxf4 Rf7 29. Qh4 Raf8 30. Rg2 b5 31. Rd8 a5 32. Qd4 Qe7 33. Rxf8+ Rxf8
34. Ne2 c5 35. Qg4 Rxf2 36. Rxf2 Qxe3+ 37. Kd1 Qxf2 38. Qc8+ Bg8 39. Qe8 Qf1+
40. Kd2 Qxh3 41. Qxb5 Qh6+ 42. Ke1 Qh4+ 43. Kd2 Qh6+ 44. Kc3 Qf6+ 45. Kd3 Qg6+
46. Ke3 Qg5+ 47. Kf2 Qh4+ 48. Ke3 Qg5+ 49. Kf2 Qh4+ 50. Ke3 1/2-1/2

[Event "49th Capablanca Premier 2014"]
[Site "Havana CUB"]
[Date "2014.05.16"]
[Round "8.4"]
[White "Bogner, Sebastian"]
[Black "Quesada Perez, Yasser"]
[Result "1/2-1/2"]
[WhiteTitle "GM"]
[BlackTitle "FM"]
[WhiteElo "2593"]
[BlackElo "2493"]
[WhiteFideId "4692055"]
[BlackFideId "3509362"]
[EventDate "2014.05.08"]

1. d4 d5 2. c4 dxc4 3. e3 e5 4. Bxc4 exd4 5. exd4 Bd6 6. Nf3 Nf6 7. O-O O-O 8.
Nc3 Nc6 9. h3 h6 10. Qc2 Nb4 11. Qb1 c6 12. Re1 Nbd5 13. Bd2 Be6 14. Bb3 Re8 1/2-1/2

[Event "49th Capablanca Premier 2014"]
[Site "Havana CUB"]
[Date "2014.05.16"]
[Round "8.5"]
[White "Hevia Alejano, Carlos Antonio"]
[Black "Ortiz Suarez, Isan Reynaldo"]
[Result "0-1"]
[WhiteTitle "IM"]
[BlackTitle "GM"]
[WhiteElo "2530"]
[BlackElo "2588"]
[WhiteFideId "3508811"]
[BlackFideId "3507165"]
[EventDate "2014.05.08"]

1. Nf3 f5 2. d4 Nf6 3. c4 g6 4. g3 Bg7 5. Bg2 O-O 6. Nc3 d6 7. O-O c6 8. Re1 Na6
9. e4 Nxe4 10. Nxe4 fxe4 11. Rxe4 Bf5 12. Re3 e5 13. h3 e4 14. Ne1 d5 15. cxd5
cxd5 16. Re2 Nb4 17. Be3 Qd7 18. Kh2 Rf7 19. Qb3 Nc6 20. Nc2 Raf8 21. Qb5 Be6
22. Rd2 Rf5 23. Kg1 a6 24. Qa4 R5f7 25. Kh2 Bf6 26. a3 Be7 27. b4 Bd6 28. Qb3
Ne7 29. Kh1 Nf5 30. Kg1 Rc8 31. h4 h5 32. Bg5 Qe8 33. Ne3 Nxe3 34. Qxe3 Rfc7 35.
Bf6 Qf8 36. Qg5 Kh7 37. Kh2 Rf7 38. Be5 Rc3 39. Bxd6 Qxd6 40. Re2 Bg4 41. Rea2
Rf5 42. Qd2 Rd3 43. Qb2 Rf7 44. Re1 Qf6 45. Re3 Rxd4 46. b5 Rc4 47. Qb3 a5 48.
Rd2 Be6 49. f3 exf3 50. Rxf3 Qe5 51. Re3 Qf6 52. Rf3 Qg7 53. Re3 Qf6 54. Rf3 Qe7
55. Re2 Qd6 56. Rxf7+ Bxf7 57. Qf3 Kg7 58. Rf2 Rc7 59. Qd3 d4 60. Rf4 Qd7 61.
Bh3 Qd6 62. Qf3 Bd5 63. Qd3 Bf7 64. Qf3 Qd5 65. Qd3 b6 66. Bg2 Qd6 67. Bc6 Qe5
68. Re4 Qc5 69. Rf4 Qe5 70. Re4 Qc5 71. Rf4 Bg8 72. Be4 Bc4 73. Qf3 Bd5 74. a4
Rd7 75. Bxd5 Qxd5 76. Qf2 d3 77. Qb2+ Kh7 78. Rf8 Qd4 79. Qa2 Qg7 80. Rf2 Qe7 0-1